| 000 | 00860nam a22002297a 4500 | ||
|---|---|---|---|
| 005 | 20170816155436.0 | ||
| 010 | _aB-530186-190 | ||
| 020 |
_a9781848103009 _c695.00 |
||
| 035 | _aB-530269-271 | ||
| 035 | _aB-665077 | ||
| 037 |
_adpl _bBlueberry/Ven |
||
| 082 | _a598 | ||
| 100 | _aTaylor, Barbara | ||
| 245 |
_aBirds/ _cby Barbara Taylor & Jinny Johnson |
||
| 260 |
_aU.K. _bMiles Kelly Pub _c2012 |
||
| 270 |
_aHarding's Barn, Bardfield End Green, Thaxted, Essex, CM6 3PX, _bUK |
||
| 300 |
_a384p.: _bcol.ill _c22cm(pbk) |
||
| 700 | _aJohnson, Jinny | ||
| 942 |
_2ddc _cCH _h598 _mTAY |
||
| 999 |
_c84758 _d84758 |
||